000 01640nam a2200337Ia 4500
999 _c5836
_d5836
003 OSt
005 20200610132158.0
008 191128s2013 ck gr 000 0 spa d
020 _a9786124102042
040 _aCO-JMCR
_cCO-JMCR
041 1 _aspa
_hfr
082 0 4 _a330.122 /
_bG522p
_223
100 1 _aGiraud, Gaël,
_edirector
_95395
245 0 _a20 propuestas para reformar el capitalismo /
_bdirección editorial Gaël Giraud y Cécile Renouard ; con la colaboración de Henri Afman, Frédéric Baule, Max de Chantérac [y otros] ; prefacio de Pascal Lamy
250 _aPrimera edición
260 _aBogotá :
_bPontificia Universidad Javeriana : Universidad del Pacífico : Universidad Ruiz de Montoya,
_c2013
300 _a353 páginas
_c24 cm.
500 _aIncluye datos biográficos de los directores editoriales en las solapas.
504 _aBibliografía: páginas 339-349
505 _aHacer de la función social de la empresa una prioridad estratégica: estimular y controlar -- Por un control independiente, financiero y extrafinanciero de las empresas -- Integrar el medioambiente, lo social y la gobernanza al análisis
534 _p20 propositions pour réforme le capitalisme
546 _aTraducido del francés
650 1 4 _aCapitalismo
_xCrisis económica
_95396
650 2 4 _aGlobalización
_xSistemas económicos
_95397
700 1 _aRenouard, Cécile,
_edirector
_95398
700 1 _aAfman, Henri,
_ecolaborador
_95399
700 1 _aBaule, Fréderic,
_ecolaborador
_95400
700 1 _aChantérac, Max de,
_ecolaborador
_95401
700 1 _a Lamy, Pascal,
_eprefacio
_95402
942 _2ddc
_cBK